000 00274pam a2200109a 44500
008 230405s2018 xxu||||| |||| 00| 0 eng d
041 _aENG
100 _aDR.RUPESH GAUTAM
245 _aPHARMA MARKETING MANAGEMENT
260 _a
_bNIRALI PRAKASHAN PUNE
_c2018
906 _a5419
999 _c280690
_d280690